[Event "Chigorin Memorial 27th"]
[Site "St Petersburg"]
[Date "2019.10.11"]
[Round "7"]
[White "Romanov, Nikita"]
[Black "Sorokin, Artem"]
[Result "1/2-1/2"]
[WhiteElo "1587"]
[BlackElo "1904"]
[PlyCount "114"]
[EventDate "2019.10.05"]
[EventType "swiss"]
[EventRounds "9"]
[EventCountry "RUS"]
[SourceTitle "EXT 2021"]
[Source "ChessBase"]
[SourceDate "2020.10.23"]
[SourceVersion "1"]
[SourceVersionDate "2020.10.23"]
[SourceQuality "1"]

1. e4 c5 2. c3 d5 3. exd5 Qxd5 4. d4 Nc6 5. Nf3 Bf5 6. Na3 e5 7. dxe5 Qxd1+ 8. Kxd1 0-0-0+ 9. Ke1 Re8 10. Bb5 Bd7 11. Be3 Nh6 12. Bxh6 gxh6 13. Bc4 Nxe5 14. Nxe5 Rxe5+ 15. Kd2 Rf5 16. f3 Bd6 17. Bd3 Rg5 18. g3 Rd8 19. Kc2 a6 20. Nc4 Bc7 21. Nd2 Ba4+ 22. b3 Rgd5 23. Bf5+ Rxf5 24. bxa4 h5 25. f4 h4 26. Nf3 hxg3 27. hxg3 Rg8 28. Ng5 f6 29. Ne4 h5 30. c4 Rg4 31. Raf1 Kd7 32. Kd3 Kc6 33. Ke3 b5 34. axb5+ axb5 35. cxb5+ Kxb5 36. Nc3+ Kc6 37. Rf3 Rg8 38. Ke4 Rd5 39. Nxd5 Re8+ 40. Kd3 Kxd5 41. Rxh5+ Kc6 42. Rf5 Ra8 43. Rxf6+ Kb5 44. Rf7 Bd6 45. Rb7+ Kc6 46. Rb2 Kd5 47. Rc2 Be7 48. Ke2 Bf6 49. Rd3+ Bd4 50. Rcd2 Ke4 51. Rb3 Rg8 52. a4 Ra8 53. Ra2 Rh8 54. Raa3 c4 55. Rf3 Rh2+ 56. Kf1 Rc2 57. a5 c3 1/2-1/2